Vidas de los más excelentes pintores, escultores y arquitectos /

Bibliographic Details
Main Author: Vasari, Giorgio, 1511-1574 (Author)
Other Authors: Payró, Julio E., 1899-1971 (contributor agent of text.)
Format: Electronic eBook
Language:Spanish
Italian
Published: Ciudad de México : Océano, [2016]
Edition:Primera edición en libro electrónico.
Subjects:
Online Access:Digitalia Hispánica

MARC

LEADER 00000nam a2200000Ii 4500
001 DIGOCEANO0028
003 NyNyDIG
006 m o d
007 cr |||||||||||
008 240404s2016 mx o 000 0cspa d
035 |a (OCoLC)1430189128 
040 |a DGITA  |b eng  |e rda  |e pn  |c DGITA 
020 |a 9786077351610  |q eBook 
020 |z 9789701840450 
041 1 |a spa  |h ita 
043 |a e-it--- 
050 1 4 |a N6922 ebook 
082 0 4 |a 709.2245  |2 22 
100 1 |a Vasari, Giorgio,  |d 1511-1574,  |e author. 
240 1 0 |a Vite de' più eccellenti pittori, scultori et architettori.  |l Spanish 
245 1 0 |a Vidas de los más excelentes pintores, escultores y arquitectos /  |c G. Vasari ; estudio preliminar de Julio E. Payró. 
250 |a Primera edición en libro electrónico. 
264 1 |a Ciudad de México :  |b Océano,  |c [2016] 
300 |a 1 online resource. 
336 |a text  |b txt  |2 rdacontent 
337 |a computer  |b c  |2 rdamedia 
338 |a online resource  |b cr  |2 rdacarrier 
347 |a text file  |2 rdaft 
347 |b EPUB 
588 0 |a Online resource; title from ePub title page (Digitalia, viewed April 4, 2024) 
650 0 |a Artists  |z Italy. 
650 0 |a Art, Italian. 
700 1 |a Payró, Julio E.,  |d 1899-1971,  |e contributor agent of text. 
700 1 |i Translation of:  |a Vasari, Giorgio, 1511-1574.  |t Vite de' più eccellenti pittori, scultori et architettori. 
791 2 |a Digitalia (Firm),  |e distributor. 
793 0 |g Digitalia eBook Collection:  |a Editorial Océano 
776 0 8 |i Print version:  |a Vasari, Giorgio, 1511-1574.  |s Vite de' più eccellenti pittori, scultori et architettori. Spanish.  |t Vidas de los más excelentes pintores, escultores y arquitectos.  |d Ciudad de México : Océano, [2000]  |z 9789701840450 
856 4 0 |3 Digitalia Hispánica  |u https://www.digitaliapublishing.com/a/85221/ 
910 |a Premium collection: 2024